00598nam a2200229Ia 4500001000700000008004100007010001100048082001400059100002800073245006200101260006200163300001100225440000500236500004500241503000800286650001900294901001400313902000600327910000900333942000700342999001900349Z_2437220113s1982 xx 000 0 und d a165491 a512.5 S8y aStrang, Gilbert9109948 aAlgebra lineal y sus aplicaciones /cpor Gilbert Strang aMéxico, D. F. :bFondo Educativo Interamericano,c1982 a454 p. a aTrad. De : Linear algebra, 2 ed. De 1980 aC/E aAlgebra982391 a512.5 S8y aA a1982 cc1 c165491d165491